000 01158nam a2200277 a 4500
001 BRL_1261
005 20190320211121.0
008 061213s1937----u--aoeb###---#000-0#eng-#
041 _aeng
044 _au
050 4 _aF1435.1.U2
_b.U29 1937
245 1 0 _aUaxactun, Guatemala
_bGroup E--1926-1931
_cPart I: The excavations, by Oliver G. Ricketson, jr. Part II: The artifacts, by Edith Bayles Ricketson. Appendices by Monroe Amsden, A. Ledyard Smith [and] H.E.D. Pollock.
260 _aWashington, D.C.
_bCarnegie Institution of Washington
_c1937
300 _axiii, 314 p.
_bil., 88 láminas, mapas, planos
_c29 cm.
_e+ 1 mapa y 1 plano plegable
440 0 _aCarnegie Institution of Washington. Publication
_v477
_926308
500 _aAu1456
500 _aEstado físico: Faltan hojas al final, fueron cortadas.
504 _aBibliografía: p. 303-306.
650 1 4 _aExcavaciones arqueológicas
_zGuatemala
_926309
650 1 4 _aMayas
_xAntigüedades
_99555
651 4 _aUaxactun (Guatemala)
_926310
700 1 _aRicketson, Oliver Garrison
_d1894-
_926311
700 1 _aRicketson, Edith Bayles
_d1899-1976
_926312
902 _aGRL
942 _2lcc
_cB
999 _c10073
_d10073